00462nam a2200193 a 4500001001300000003000900013005001700022008004100039020001000080082001300090100001900103245003000122260002800152300000800180500003500188505001000223650001600233700001900249nice12345678IN_TiNIC20260116011533.0050524s1968 egya grp 000 0 ara  ac10000a239bMAN aMansoor, Yassi aLikai La Nunkir Al Masih. aEgyptbAlexandriac1968 a76p aincludes index and biblioraphy2 aIndex aApologetics1 aMansoor, Yassi